[Event "X MIEDZYNARODOWY JUBILEUSZOWY FESTIWAL S"]
[Site "LAZY, OW "]
[Date "2014.07.06"]
[Round "7.17"]
[White "Betkowski, Andrzej"]
[Black "Chylewski, Patryk"]
[Result "1/2-1/2"]
[WhiteElo "2064"]
[BlackElo "1909"]
[PlyCount "48"]
[EventDate "2014.??.??"]

1. d4 Nf6 2. Nf3 g6 3. Nbd2 d5 4. c4 Bg7 5. cxd5 Nxd5 6. e4 Nb6 7. Nb3 O-O 8.
Be2 f5 9. exf5 Bxf5 10. O-O Nc6 11. Be3 e5 12. dxe5 Qxd1 13. Rfxd1 Nxe5 14.
Nxe5 Bxe5 15. Bd4 Rfe8 16. Rac1 c6 17. Bxe5 Rxe5 18. Bf3 Rae8 19. h3 Be4 20.
Bxe4 Rxe4 21. Rd2 Nd5 22. Kf1 Kg7 23. Nc5 R4e7 24. f3 Ne3+ 1/2-1/2

[Event "X MIEDZYNARODOWY JUBILEUSZOWY FESTIWAL S"]
[Site "LAZY, OW "]
[Date "2014.07.06"]
[Round "7.18"]
[White "Antonov, Alexandr"]
[Black "Zaleski, Lukasz"]
[Result "1-0"]
[WhiteElo "2077"]
[BlackElo "1867"]
[PlyCount "103"]
[EventDate "2014.??.??"]

1. e4 e6 2. d4 d5 3. Nd2 dxe4 4. Nxe4 Nd7 5. Nf3 Ngf6 6. Nxf6+ Nxf6 7. c3 c5 8.
Be3 Qc7 9. Ne5 a6 10. Qa4+ Nd7 11. Bb5 cxd4 12. Bxd7+ Bxd7 13. Qxd4 Rd8 14.
O-O-O f6 15. Nxd7 Rxd7 16. Qg4 Rxd1+ 17. Rxd1 Kf7 18. Bf4 Qc8 19. Qf3 Be7 20.
Qd3 e5 21. Be3 Rd8 22. Qe4 Rxd1+ 23. Kxd1 Qd7+ 24. Kc2 g6 25. b3 Qb5 26. Qd3
Qc6 27. f3 Ke6 28. Qe4 Qb5 29. c4 Qd7 30. Qh4 Bb4 31. Qf2 Kf7 32. Bc5 Qf5+ 33.
Kb2 Bxc5 34. Qxc5 Qd3 35. Qc7+ Kg8 36. Qc8+ Kg7 37. Qxb7+ Kh6 38. Qe4 Qd2+ 39.
Qc2 Qd4+ 40. Kb1 f5 41. c5 Qd7 42. c6 Qc7 43. Qd2+ f4 44. Qd7 Qa5 45. c7 Qe1+
46. Kc2 Qf2+ 47. Qd2 Qc5+ 48. Qc3 Qf2+ 49. Kb1 Qf1+ 50. Qc1 Qd3+ 51. Qc2 Qf1+
52. Kb2 1-0

[Event "X MIEDZYNARODOWY JUBILEUSZOWY FESTIWAL S"]
[Site "LAZY, OW "]
[Date "2014.07.06"]
[Round "7.19"]
[White "Janik, Igor"]
[Black "Tomaszewski, Kacper"]
[Result "1-0"]
[WhiteElo "2071"]
[BlackElo "2012"]
[PlyCount "133"]
[EventDate "2014.??.??"]

1. e4 c5 2. Nf3 e6 3. d4 cxd4 4. Nxd4 Nc6 5. Nb5 d6 6. c4 Nf6 7. N5c3 Be7 8.
Be3 O-O 9. Be2 b6 10. O-O Bb7 11. Nd2 d5 12. cxd5 exd5 13. exd5 Nb4 14. Bf3
Nbxd5 15. Nxd5 Bxd5 16. Rc1 Rc8 17. Qa4 Bxf3 18. Nxf3 Qd7 19. Qxd7 Nxd7 20.
Rfd1 Nc5 21. Ne5 f6 22. Nd7 Nxd7 23. Rxc8 Rxc8 24. Rxd7 Rd8 25. Rxd8+ Bxd8 26.
Kf1 Kf7 27. Ke2 Ke6 28. Kd3 Kd5 29. f3 f5 30. Bd4 g6 31. h3 f4 32. b3 a6 33.
Bc3 Bc7 34. a4 b5 35. axb5 axb5 36. Bd4 Bd6 37. Bf2 Be5 38. Bb6 Bd6 39. Bf2 Bc5
40. Be1 h5 41. Bc3 Bf2 42. Bd2 Ke5 43. Bc3+ Kf5 44. Bd4 Bh4 45. Bg7 Bf2 46. Bd4
Be1 47. Bb6 g5 48. Bc5 g4 49. hxg4+ hxg4 50. Kd4 Bf2+ 51. Kd5 Bxc5 52. Kxc5 Kg5
53. Kd4 Kh4 54. Ke4 Kg3 55. fxg4 Kxg4 56. b4 Kg5 57. Ke5 Kg4 58. Kf6 Kh4 59.
Kf5 Kg3 60. Kg5 Kxg2 61. Kxf4 Kh3 62. Ke5 Kg4 63. Kd5 Kf5 64. Kc6 Ke6 65. Kxb5
Kd7 66. Kb6 Kc8 67. Ka7 1-0

[Event "X MIEDZYNARODOWY JUBILEUSZOWY FESTIWAL S"]
[Site "LAZY, OW "]
[Date "2014.07.06"]
[Round "7.20"]
[White "Lukasiewicz, Anna"]
[Black "Walter, Szymon"]
[Result "1/2-1/2"]
[WhiteElo "2062"]
[BlackElo "1977"]
[PlyCount "102"]
[EventDate "2014.??.??"]

1. e4 c5 2. Nf3 d6 3. d4 cxd4 4. Nxd4 Nf6 5. Nc3 g6 6. Be2 Bg7 7. O-O O-O 8.
Kh1 Nc6 9. Nb3 a6 10. Bg5 b5 11. a3 Bb7 12. f4 Rc8 13. Bf3 Nd7 14. Bg4 Ncb8 15.
Qe1 h6 16. Bh4 Rc4 17. Bf3 Re8 18. Rd1 Qc7 19. e5 Bxf3 20. Rxf3 dxe5 21. Nd5
Qd8 22. c3 f5 23. fxe5 Bxe5 24. Re3 Kf7 25. Nd2 Rc6 26. Nf3 Bf6 27. Bg3 Qc8 28.
Nb4 Rc4 29. Nd2 Rc5 30. Nb3 Rc4 31. Na5 Rc5 32. Nb3 Rc4 33. Na5 Rc5 34. Nd5 e6
35. Nxf6 Nxf6 36. Nb3 Rd5 37. Rxd5 Nxd5 38. Re2 Nd7 39. Nd4 N7f6 40. Qd2 Ne4
41. Qd3 Qc4 42. Qf3 Nxg3+ 43. hxg3 h5 44. Re1 Kf6 45. Qf2 e5 46. Qd2 Re7 47.
Nf3 f4 48. gxf4 exf4 49. Rxe7 Kxe7 50. Qe1+ Ne3 51. Qh4+ Ke8 1/2-1/2

[Event "X MIEDZYNARODOWY JUBILEUSZOWY FESTIWAL S"]
[Site "LAZY, OW "]
[Date "2014.07.06"]
[Round "7.21"]
[White "Szostko, Jakub"]
[Black "Zebracki, Tomasz"]
[Result "1-0"]
[WhiteElo "2002"]
[BlackElo "2019"]
[PlyCount "97"]
[EventDate "2014.??.??"]

1. c4 c5 2. g3 Nf6 3. Bg2 d5 4. cxd5 Nxd5 5. Nc3 Nc7 6. Qa4+ Bd7 7. Qb3 Nc6 8.
Qxb7 Nd4 9. Qe4 Bf5 10. Qxf5 Nxf5 11. Bc6+ Qd7 12. Bxd7+ Kxd7 13. e3 g6 14. b3
Na6 15. Bb2 Nb4 16. Ke2 Bg7 17. Na4 Bxb2 18. Nxb2 Rhc8 19. Nf3 f6 20. Rhc1 e5
21. d3 Nd6 22. Nd2 Rc7 23. Ne4 Nxe4 24. dxe4 Ke7 25. Na4 Rac8 26. a3 Na6 27.
Nc3 Ke6 28. Nd5 Rb7 29. b4 f5 30. f3 Rf8 31. Rab1 Rfb8 32. Rc2 Rf8 33. b5 fxe4
34. fxe4 h5 35. a4 Nb8 36. Rxc5 Rbf7 37. b6 Rf2+ 38. Kd3 a6 39. b7 Rxh2 40.
Rb6+ Kf7 41. Rf6+ Kg7 42. Rxf8 Kxf8 43. Rc8+ Kg7 44. Rxb8 Rb2 45. a5 Rb3+ 46.
Kc2 Rb5 47. Nb6 Rc5+ 48. Kd2 Rc7 49. Rg8+ 1-0

[Event "X MIEDZYNARODOWY JUBILEUSZOWY FESTIWAL S"]
[Site "LAZY, OW "]
[Date "2014.07.06"]
[Round "7.22"]
[White "Lebiedowicz, Borys"]
[Black "Kovalev, Egor"]
[Result "1/2-1/2"]
[WhiteElo "1833"]
[BlackElo "2187"]
[PlyCount "89"]
[EventDate "2014.??.??"]

1. e4 c5 2. Nf3 Nc6 3. d4 cxd4 4. Nxd4 Qc7 5. Nc3 e6 6. Be3 a6 7. Qd2 Nf6 8.
O-O-O Bb4 9. f3 Ne7 10. Nde2 d5 11. Bg5 dxe4 12. Bxf6 gxf6 13. Qd4 exf3 14.
Qxb4 fxe2 15. Bxe2 f5 16. Rd6 O-O 17. Rhd1 e5 18. Rd7 Bxd7 19. Qxe7 Qc6 20.
Qxd7 Rfd8 21. Qxc6 Rxd1+ 22. Nxd1 bxc6 23. Ne3 Kg7 24. Nxf5+ Kf6 25. g4 h5 26.
h3 hxg4 27. hxg4 Kg5 28. c4 Kf4 29. c5 Rh8 30. Kd2 a5 31. Nd6 f6 32. Nc4 Rd8+
33. Kc3 Rd5 34. b4 axb4+ 35. Kxb4 Ke4 36. a4 Kd4 37. a5 Rxc5 38. a6 Rb5+ 39.
Ka4 Rb8 40. Na5 Kc5 41. Nxc6 Rb2 42. a7 Rxe2 43. Kb3 Re3+ 44. Kb2 Re2+ 45. Kb3
1/2-1/2

[Event "X MIEDZYNARODOWY JUBILEUSZOWY FESTIWAL S"]
[Site "LAZY, OW "]
[Date "2014.07.06"]
[Round "7.23"]
[White "Hilarecki, Grzegorz"]
[Black "Szewczak, Andrzej"]
[Result "1-0"]
[WhiteElo "2144"]
[BlackElo "1976"]
[PlyCount "92"]
[EventDate "2014.??.??"]

1. d4 f5 2. Nf3 Nf6 3. c4 d5 4. Bf4 c6 5. e3 Be6 6. cxd5 Nxd5 7. Bg3 Qa5+ 8.
Nbd2 Nd7 9. Be2 h6 10. O-O g5 11. Ne5 f4 12. Bh5+ Kd8 13. exf4 gxf4 14. Bh4
Nxe5 15. dxe5 Kc7 16. a3 Rd8 17. Nc4 Qc5 18. Nd6 exd6 19. b4 Qb5 20. Bxd8+ Kxd8
21. exd6 Bxd6 22. Qd4 Rg8 23. Rfe1 Bd7 24. Bf3 Qb6 25. Qd3 Rg5 26. Qh7 Qd4 27.
Qxh6 Qf6 28. Qxf6+ Nxf6 29. Rad1 Kc7 30. Rd2 a6 31. Red1 Be5 32. Re2 Bd6 33.
Red2 Be5 34. Re2 Ng4 35. h4 Rg7 36. Rxd7+ Rxd7 37. Bxg4 Rd1+ 38. Kh2 Kd6 39.
Rxe5 Ra1 40. Re6+ Kc7 41. h5 Rxa3 42. Rf6 a5 43. bxa5 Rxa5 44. Rxf4 b5 45. h6
Ra8 46. h7 Rh8 1-0

[Event "X MIEDZYNARODOWY JUBILEUSZOWY FESTIWAL S"]
[Site "LAZY, OW "]
[Date "2014.07.06"]
[Round "7.24"]
[White "Harazinska, Ewa"]
[Black "Krainski, Slawomir"]
[Result "1-0"]
[WhiteElo "2062"]
[BlackElo "2039"]
[PlyCount "71"]
[EventDate "2014.??.??"]

1. d4 Nf6 2. c4 g6 3. Nc3 d5 4. Nf3 Bg7 5. Qa4+ Bd7 6. Qb3 dxc4 7. Qxc4 O-O 8.
Bf4 Na6 9. e3 c5 10. d5 Qa5 11. Nd2 b5 12. Nxb5 Nxd5 13. Qxd5 Bxb5 14. Bxb5
Qxb5 15. Qb3 Nb4 16. Nc4 Rfd8 17. Na3 Qa6 18. Rd1 Nd3+ 19. Rxd3 Rxd3 20. Qc2
Bxb2 21. Nb1 Rad8 22. O-O c4 23. Qxb2 Rd1 24. Nc3 Rxf1+ 25. Kxf1 f6 26. e4 Rd3
27. Ke2 Qa5 28. Nd5 Ra3 29. Qb7 Rxa2+ 30. Kf3 Qa3+ 31. Be3 Kf7 32. Qc6 Qd3 33.
Qd7 Qa3 34. Nc7 Qd6 35. Qe8+ Kg7 36. Bh6+ 1-0

[Event "X MIEDZYNARODOWY JUBILEUSZOWY FESTIWAL S"]
[Site "LAZY, OW "]
[Date "2014.07.06"]
[Round "7.25"]
[White "Januszkiewicz, Wojciech"]
[Black "Zolobowski, Grzegorz"]
[Result "1-0"]
[WhiteElo "1852"]
[BlackElo "2046"]
[PlyCount "73"]
[EventDate "2014.??.??"]

1. e4 c6 2. d4 d5 3. Nc3 g6 4. e5 h5 5. Be3 Nh6 6. Bd3 Qa5 7. Qd2 Bf5 8. Nf3
Bxd3 9. Qxd3 e6 10. Bd2 Qc7 11. O-O Nf5 12. Ne2 Nd7 13. b3 c5 14. c4 Nb6 15.
cxd5 Nxd5 16. dxc5 Qxc5 17. Rac1 Qb6 18. Nf4 Nxf4 19. Bxf4 Ba3 20. Rc4 O-O 21.
b4 Qb5 22. Nd2 Bb2 23. Qb3 Bd4 24. Ne4 a5 25. a4 Qa6 26. b5 Qa7 27. Rfc1 Bb6
28. h3 Rfd8 29. Bg5 Rd4 30. Nf6+ Kg7 31. Qf3 h4 32. Rc8 Rxc8 33. Rxc8 Rd8 34.
Ne8+ Kf8 35. Bxd8 Bxd8 36. Rxd8 Qb6 37. Qd3 1-0

[Event "X MIEDZYNARODOWY JUBILEUSZOWY FESTIWAL S"]
[Site "LAZY, OW "]
[Date "2014.07.06"]
[Round "7.26"]
[White "Sawicki, Mikolaj"]
[Black "Zylka, Stanislaw"]
[Result "1-0"]
[WhiteElo "1965"]
[BlackElo "1939"]
[PlyCount "79"]
[EventDate "2014.??.??"]

1. e4 c5 2. Nf3 e6 3. d3 Nc6 4. g3 g6 5. Bg2 Bg7 6. O-O Nge7 7. c3 O-O 8. Be3
d6 9. d4 cxd4 10. cxd4 d5 11. e5 Nf5 12. Nc3 f6 13. exf6 Bxf6 14. Qd2 Bd7 15.
Rad1 Rc8 16. h4 a6 17. Bg5 Bxg5 18. hxg5 Nd6 19. b3 Rc7 20. Rfe1 Bc8 21. Re2
Rcf7 22. Nh4 Ne7 23. Na4 b6 24. Qb4 Nb5 25. Rc1 Bd7 26. Bh3 Nf5 27. Bxf5 gxf5
28. f4 a5 29. Qe1 Nd6 30. Nc3 b5 31. Rxe6 Bxe6 32. Qxe6 Ne4 33. Nxf5 Qd7 34.
Nh6+ Kg7 35. Qe5+ Kg6 36. Nxf7 Rxf7 37. Nxe4 dxe4 38. Qxe4+ Kh5 39. Kg2 Qb7 40.
Rh1+ 1-0

[Event "X MIEDZYNARODOWY JUBILEUSZOWY FESTIWAL S"]
[Site "LAZY, OW "]
[Date "2014.07.06"]
[Round "7.28"]
[White "Pilzak, Marcin"]
[Black "Spicak, Krzysztof"]
[Result "1-0"]
[WhiteElo "1968"]
[BlackElo "1933"]
[PlyCount "73"]
[EventDate "2014.??.??"]

1. e4 c6 2. d4 d5 3. Nc3 g6 4. e5 Bg7 5. f4 h5 6. Be3 Nh6 7. Qd2 Ng4 8. Bd3 b5
9. O-O-O a5 10. Nf3 Nxe3 11. Qxe3 Bg4 12. Kb1 Bxf3 13. Qxf3 e6 14. g3 Nd7 15.
h3 Qe7 16. g4 b4 17. Na4 O-O-O 18. f5 hxg4 19. hxg4 Rxh1 20. Rxh1 gxf5 21. gxf5
Qg5 22. a3 bxa3 23. Ba6+ Kc7 24. Qxa3 Bf8 25. Nc5 Qd2 26. c3 Nxc5 27. dxc5 Rb8
28. Rh7 Bxc5 29. Qxa5+ Rb6 30. Rxf7+ Kd8 31. Bb5 Ke8 32. fxe6 Qe1+ 33. Ka2 Qxe5
34. Bxc6+ Kd8 35. Rd7+ Kc8 36. Bb7+ Rxb7 37. Rd8# 1-0

[Event "X MIEDZYNARODOWY JUBILEUSZOWY FESTIWAL S"]
[Site "LAZY, OW "]
[Date "2014.07.07"]
[Round "8.1"]
[White "Warakomski, Tomasz"]
[Black "Tomczak, Jacek"]
[Result "1/2-1/2"]
[WhiteElo "2505"]
[BlackElo "2551"]
[PlyCount "42"]
[EventDate "2014.??.??"]

1. e4 c6 2. d4 d5 3. exd5 cxd5 4. c4 Nf6 5. Nc3 Nc6 6. Be3 g6 7. Nf3 Bg7 8. c5
O-O 9. Bb5 Bg4 10. h3 Bxf3 11. Qxf3 e5 12. dxe5 Nxe5 13. Qf4 Nh5 14. Qa4 d4 15.
O-O-O a6 16. Be2 Nc6 17. Bxh5 Qe7 18. Bxd4 Nxd4 19. Rxd4 Bxd4 20. Qxd4 Rad8 21.
Qf4 gxh5 1/2-1/2

[Event "X MIEDZYNARODOWY JUBILEUSZOWY FESTIWAL S"]
[Site "LAZY, OW "]
[Date "2014.07.07"]
[Round "8.3"]
[White "Kosiorek, Marek"]
[Black "Nurkiewicz, Maciej"]
[Result "1/2-1/2"]
[WhiteElo "2361"]
[BlackElo "2392"]
[PlyCount "58"]
[EventDate "2014.??.??"]

1. d4 Nf6 2. c4 c5 3. d5 b5 4. Qc2 Na6 5. a3 bxc4 6. e4 g6 7. Bxc4 Nc7 8. Nc3
d6 9. Nf3 Bg7 10. h3 O-O 11. O-O e6 12. Bg5 exd5 13. exd5 Rb8 14. Rae1 Qd7 15.
Re2 Bb7 16. Rd1 a5 17. a4 Na6 18. Qd2 Nc7 19. Qf4 Nh5 20. Qh4 h6 21. Bd2 Rfe8
22. Rxe8+ Rxe8 23. Qg4 Qxg4 24. hxg4 Nf6 25. Nb5 Nxb5 26. Bxb5 Ra8 27. Bf4 Nxd5
28. Bxd6 Bxb2 29. Bxc5 Rc8 1/2-1/2

[Event "X MIEDZYNARODOWY JUBILEUSZOWY FESTIWAL S"]
[Site "LAZY, OW "]
[Date "2014.07.07"]
[Round "8.4"]
[White "Shishkin, Vadim"]
[Black "Karpus, Michal"]
[Result "0-1"]
[WhiteElo "2489"]
[BlackElo "1943"]
[PlyCount "107"]
[EventDate "2014.??.??"]

1. d4 Nf6 2. c4 g6 3. Nc3 Bg7 4. e4 d6 5. Be2 O-O 6. Nf3 e5 7. Be3 exd4 8. Nxd4
Re8 9. f3 c6 10. Bf2 d5 11. exd5 cxd5 12. O-O Nc6 13. c5 Bf8 14. Nxc6 bxc6 15.
b4 Nh5 16. Qd2 Bd7 17. Rab1 Bg7 18. Rbc1 Qf6 19. g3 Qe6 20. Rfe1 Qf5 21. Bd4
Bf8 22. Rcd1 Bg7 23. a3 Rab8 24. f4 Qh3 25. Bf1 Qg4 26. Bxg7 Nxg7 27. Ne4 Rxe4
28. Rxe4 dxe4 29. Qxd7 Qf3 30. Re1 e3 31. Qd1 Qf2+ 32. Kh1 Nf5 33. Bg2 Qd2 34.
Qe2 Rd8 35. Kg1 h5 36. Be4 Qxe2 37. Rxe2 Rd1+ 38. Kg2 Rd2 39. Kf1 Rd1+ 40. Re1
Rxe1+ 41. Kxe1 Nd4 42. b5 Nxb5 43. Bxc6 Nxa3 44. Ke2 Kf8 45. Kxe3 Nc2+ 46. Ke4
Ke7 47. Ba4 Nb4 48. Kd4 a6 49. Kc4 a5 50. Kb5 Nd3 51. Kb6 Kd8 52. c6 Kc8 53. c7
Nb4 54. Bd7+ 0-1

[Event "X MIEDZYNARODOWY JUBILEUSZOWY FESTIWAL S"]
[Site "LAZY, OW "]
[Date "2014.07.07"]
[Round "8.5"]
[White "Rudolf, Michal"]
[Black "Antolak, Julia"]
[Result "1-0"]
[WhiteElo "2363"]
[BlackElo "1869"]
[PlyCount "59"]
[EventDate "2014.??.??"]

1. e4 c5 2. Nf3 e6 3. d3 Nc6 4. Nbd2 g6 5. g3 Bg7 6. Bg2 Nge7 7. O-O O-O 8. Re1
Qc7 9. c3 d5 10. Qe2 e5 11. exd5 Nxd5 12. Nc4 Re8 13. Ng5 Nb6 14. Ne4 Nxc4 15.
dxc4 b6 16. Bg5 Re6 17. g4 Bb7 18. Rad1 f5 19. Ng3 e4 20. gxf5 gxf5 21. Nxf5
Rg6 22. Bh4 Qf4 23. Qxe4 Qxe4 24. Rxe4 Rf8 25. Rd5 Kh8 26. Nxg7 Na5 27. Ne6 Re8
28. Bg3 Nxc4 29. Rxc4 Rgxe6 30. Re5 1-0

[Event "X MIEDZYNARODOWY JUBILEUSZOWY FESTIWAL S"]
[Site "LAZY, OW "]
[Date "2014.07.07"]
[Round "8.6"]
[White "Eggink, Mateusz"]
[Black "Krainski, Aleksander"]
[Result "0-1"]
[WhiteElo "2164"]
[BlackElo "2212"]
[PlyCount "118"]
[EventDate "2014.??.??"]

1. e4 e5 2. Nf3 Nc6 3. d4 exd4 4. Bc4 Bc5 5. O-O d6 6. c3 Bg4 7. Bb5 dxc3 8.
Nxc3 Nge7 9. h3 Bxf3 10. Qxf3 O-O 11. Qg3 Kh8 12. Kh1 f5 13. Bg5 Qe8 14. Nd5
Qf7 15. Nxc7 Rac8 16. Bxc6 bxc6 17. Na6 f4 18. Qc3 Bb6 19. Bxe7 Qxe7 20. Qf3
Bd4 21. Rab1 c5 22. b4 Qe5 23. b5 Rfe8 24. Rfe1 c4 25. a4 d5 26. exd5 Qxe1+ 27.
Rxe1 Rxe1+ 28. Kh2 c3 29. Nb4 c2 30. Nxc2 Rxc2 31. d6 Rc8 32. a5 Rd8 33. b6
axb6 34. axb6 Bxb6 35. Qxf4 Rd1 36. h4 R1xd6 37. Kh3 Rf6 38. Qe4 Bxf2 39. g4
Rfd6 40. h5 h6 41. Qf5 Rd3+ 42. Kg2 Bh4 43. Qg6 Rd2+ 44. Kf3 Bg5 45. Ke4 R2d3
46. Kf5 R3d6 47. Qe8+ Kh7 48. Qe4 Rf6+ 49. Ke5+ Kh8 50. Qc2 Bf4+ 51. Ke4 Re8+
52. Kf3 Bg5+ 53. Kg2 Rd6 54. Qa4 Rd2+ 55. Kf1 Red8 56. Qa6 Bh4 57. Qa4 Rb2 58.
Kg1 Rc8 59. Qa1 Bf6 0-1

[Event "X MIEDZYNARODOWY JUBILEUSZOWY FESTIWAL S"]
[Site "LAZY, OW "]
[Date "2014.07.07"]
[Round "8.7"]
[White "Nowicki, Bartosz"]
[Black "Jarmula, Pawel"]
[Result "0-1"]
[WhiteElo "2256"]
[BlackElo "2140"]
[PlyCount "106"]
[EventDate "2014.??.??"]

1. Nc3 c5 2. e4 Nc6 3. Nf3 d6 4. d4 cxd4 5. Nxd4 Nf6 6. Bg5 e6 7. Qd2 a6 8.
O-O-O Bd7 9. f3 h6 10. Be3 h5 11. Kb1 Be7 12. Qf2 Qc7 13. Nb3 b5 14. a3 Rb8 15.
Bc1 b4 16. axb4 Nxb4 17. Rd4 a5 18. Rc4 Qd8 19. Be2 a4 20. Nd2 Qa5 21. Na2 Nxa2
22. Kxa2 e5 23. Rc3 d5 24. Rd3 Be6 25. Ka1 O-O 26. Qg3 dxe4 27. fxe4 Rfc8 28.
Bd1 Nd7 29. Kb1 Nc5 30. Re3 h4 31. Qf3 Bg5 32. Rhe1 Rb7 33. Qh5 Bxe3 34. Rxe3
Na6 35. Nf3 f6 36. Nd4 Bf7 37. Qg4 Rcb8 38. Nc6 Qc5 39. Nxb8 Rxb8 40. Qh3 Qc4
41. Ra3 Rd8 42. Qf3 Nc5 43. Be2 Qb4 44. c3 Qb7 45. Be3 Nxe4 46. Bd1 Rb8 47. Qe2
Bh5 48. Qc4+ Kh8 49. Rb3 axb3 50. Bxh5 Qa8 51. Qd3 Rd8 52. Bd4 Qa2+ 53. Kc1
Qa1+ 0-1

[Event "X MIEDZYNARODOWY JUBILEUSZOWY FESTIWAL S"]
[Site "LAZY, OW "]
[Date "2014.07.07"]
[Round "8.8"]
[White "Parol, Pawel"]
[Black "Plichta, Kamil"]
[Result "1/2-1/2"]
[WhiteElo "2001"]
[BlackElo "2247"]
[PlyCount "68"]
[EventDate "2014.??.??"]

1. d4 Nf6 2. c4 g6 3. Nc3 Bg7 4. e4 d6 5. f3 O-O 6. Be3 c5 7. dxc5 dxc5 8. Qxd8
Rxd8 9. Bxc5 Nc6 10. Be3 Be6 11. Rc1 Nb4 12. Nh3 Nd3+ 13. Bxd3 Rxd3 14. Kf2
Bxc4 15. Nf4 Rdd8 16. b3 Ba6 17. Ncd5 Nxd5 18. Nxd5 Bb2 19. Nxe7+ Kf8 20. Rc2
Kxe7 21. Rxb2 b6 22. Rc2 Rac8 23. Rhc1 Rxc2+ 24. Rxc2 Rc8 25. Rxc8 Bxc8 26. Bd4
Ke6 27. Ke3 Ba6 28. a4 f5 29. Kf4 fxe4 30. fxe4 Bd3 31. a5 bxa5 32. Bxa7 Bc2
33. Bb6 Bxb3 34. Bxa5 Bc2 1/2-1/2

[Event "X MIEDZYNARODOWY JUBILEUSZOWY FESTIWAL S"]
[Site "LAZY, OW "]
[Date "2014.07.07"]
[Round "8.9"]
[White "Zielinski, Wojciech"]
[Black "Nowak, Lukasz"]
[Result "1/2-1/2"]
[WhiteElo "2185"]
[BlackElo "2081"]
[PlyCount "140"]
[EventDate "2014.??.??"]

1. e4 e6 2. d4 d5 3. Nd2 c5 4. exd5 Qxd5 5. Ngf3 cxd4 6. Bc4 Qd6 7. O-O Nf6 8.
Re1 Be7 9. Nb3 Nc6 10. Nbxd4 Nxd4 11. Qxd4 Qxd4 12. Nxd4 Bd7 13. Bf4 Rc8 14.
Bb3 O-O 15. Rad1 a5 16. a4 Bc5 17. h3 Nd5 18. Bxd5 exd5 19. Nb5 Bxb5 20. axb5
d4 21. Rd3 Rfe8 22. Kf1 f6 23. Bd2 b6 24. Rxe8+ Rxe8 25. f3 Kf7 26. Be1 Re5 27.
Bf2 Ke6 28. b3 Ke7 29. Bg3 Re6 30. Bf2 Re5 31. Bxd4 Bxd4 32. Rxd4 Rxb5 33. Ke2
Ke6 34. Rc4 Kd6 35. Rh4 h6 36. Ke3 Re5+ 37. Kf2 Rd5 38. Ke3 Re5+ 39. Kf2 b5 40.
c4 b4 41. Rd4+ Kc5 42. Rd7 a4 43. f4 Re6 44. Rd5+ Kc6 45. bxa4 Re4 46. Kf3 Rxc4
47. Rb5 Kd6 48. Kg4 g6 49. Kf3 Ke6 50. f5+ gxf5 51. a5 Rc3+ 52. Kf4 Rc4+ 53.
Kg3 Kf7 54. Rxf5 b3 55. Rb5 Ra4 56. Rxb3 Rxa5 57. Kf3 h5 58. Rb4 Kg6 59. Kg3
Rg5+ 60. Kf3 Ra5 61. Re4 Rf5+ 62. Rf4 Ra5 63. Rd4 Rf5+ 64. Kg3 Rg5+ 65. Kh2 Ra5
66. Rb4 Rc5 67. Rb8 Ra5 68. Rg8+ Kf7 69. Rg3 Rb5 70. Rd3 Kg6 1/2-1/2

[Event "X MIEDZYNARODOWY JUBILEUSZOWY FESTIWAL S"]
[Site "LAZY, OW "]
[Date "2014.07.07"]
[Round "8.10"]
[White "Niekras, Dawid"]
[Black "Jacek, Krystian"]
[Result "1/2-1/2"]
[WhiteElo "1981"]
[BlackElo "2148"]
[PlyCount "48"]
[EventDate "2014.??.??"]

1. e4 e5 2. Nf3 Nc6 3. Bb5 a6 4. Ba4 Nf6 5. O-O Be7 6. Re1 b5 7. Bb3 d6 8. c3
O-O 9. h3 Na5 10. Bc2 d5 11. d4 dxe4 12. Nxe5 c5 13. a4 cxd4 14. cxd4 Bb7 15.
axb5 axb5 16. Be3 b4 17. Nd2 Qd5 18. Nb3 Nc6 19. Rxa8 Bxa8 20. Nxc6 Bxc6 21.
Nc5 Bd6 22. Bb3 Qf5 23. Qd2 Nd5 24. Bxd5 Qxd5 1/2-1/2

[Event "X MIEDZYNARODOWY JUBILEUSZOWY FESTIWAL S"]
[Site "LAZY, OW "]
[Date "2014.07.07"]
[Round "8.11"]
[White "Snihur, Piotr"]
[Black "Poswiatowski, Michal"]
[Result "1/2-1/2"]
[WhiteElo "2147"]
[BlackElo "2013"]
[PlyCount "34"]
[EventDate "2014.??.??"]

1. e4 c5 2. Nf3 g6 3. d4 Bg7 4. Nc3 cxd4 5. Nxd4 Nc6 6. Be3 Nf6 7. Nxc6 bxc6 8.
e5 Ng8 9. f4 d5 10. Be2 Nh6 11. O-O O-O 12. Bc5 Nf5 13. Qd2 f6 14. exf6 Bxf6
15. Bd3 Qa5 16. Qf2 Rb8 17. Rab1 Qxc5 1/2-1/2

[Event "X MIEDZYNARODOWY JUBILEUSZOWY FESTIWAL S"]
[Site "LAZY, OW "]
[Date "2014.07.07"]
[Round "8.12"]
[White "Mucha, Piotr"]
[Black "Adamowicz, Maciej"]
[Result "0-1"]
[WhiteElo "2026"]
[BlackElo "2089"]
[PlyCount "122"]
[EventDate "2014.??.??"]

1. e4 c5 2. Nf3 g6 3. d4 cxd4 4. Nxd4 Nc6 5. c4 Nf6 6. Nc3 Nxd4 7. Qxd4 d6 8.
Be2 Bg7 9. Be3 O-O 10. Qd2 a5 11. O-O a4 12. f3 Qa5 13. Rac1 Be6 14. Nd5 Qxd2
15. Nxe7+ Kh8 16. Bxd2 Rfe8 17. Nd5 Nxd5 18. cxd5 Bxd5 19. Bb5 Re5 20. Bc3 Bxa2
21. Bxe5 Bxe5 22. Rc2 Bb3 23. Rd2 Bf4 24. Re2 Ra5 25. Bd3 b5 26. g3 Be5 27. Rc1
b4 28. Rc8+ Kg7 29. Rb8 Bd4+ 30. Kg2 Bc5 31. e5 Be6 32. exd6 Bxd6 33. Rb6 Bc5
34. Rb5 Rxb5 35. Bxb5 a3 36. bxa3 bxa3 37. Rxe6 fxe6 38. Bc4 Kf6 39. f4 h5 40.
Kf3 Ke7 41. h4 Kd6 42. Bb3 Bb4 43. Bc4 Be1 44. Ba2 e5 45. fxe5+ Kxe5 46. g4
Bxh4 47. gxh5 g5 48. Kg4 Kf6 49. Bb3 Kg7 50. Ba2 Kh6 51. Bb3 Be1 52. Ba2 Bb4
53. Bb3 Be7 54. Ba2 Kg7 55. Bb3 Kf6 56. Ba2 Bf8 57. Bb3 Bh6 58. Ba2 Ke5 59. Bg8
Ke4 60. Bf7 Kd3 61. Kf5 Kc3 0-1

[Event "X MIEDZYNARODOWY JUBILEUSZOWY FESTIWAL S"]
[Site "LAZY, OW "]
[Date "2014.07.07"]
[Round "8.13"]
[White "Jaroch, Pawel"]
[Black "Wacior, Maciej"]
[Result "1-0"]
[WhiteElo "2228"]
[BlackElo "1863"]
[PlyCount "89"]
[EventDate "2014.??.??"]

1. d4 d5 2. c4 c6 3. Nc3 Nf6 4. e3 e6 5. Nf3 Be7 6. Bd3 O-O 7. O-O Nbd7 8. b3
a6 9. Bb2 b5 10. Qc2 b4 11. Ne2 Qb6 12. Ng3 a5 13. Ne5 h6 14. f4 Nxe5 15. fxe5
Nd7 16. Nh5 Bg5 17. Rf3 f5 18. exf6 Nxf6 19. Raf1 Bb7 20. Qf2 Qd8 21. h4 Nxh5
22. hxg5 hxg5 23. Rxf8+ Qxf8 24. Bh7+ Kxh7 25. Qxf8 Rxf8 26. Rxf8 dxc4 27. bxc4
Ba6 28. c5 Bc4 29. a3 bxa3 30. Bxa3 a4 31. Ra8 Bb5 32. Kf2 Nf6 33. Kf3 Kg6 34.
Ra7 g4+ 35. Kg3 Nd5 36. e4 Nc3 37. Kf4 Bd3 38. Bb2 Nd1 39. Ba1 Bb5 40. d5 exd5
41. exd5 cxd5 42. Rxg7+ Kh6 43. Rb7 Bc4 44. c6 Ba6 45. Rb6 1-0

[Event "X MIEDZYNARODOWY JUBILEUSZOWY FESTIWAL S"]
[Site "LAZY, OW "]
[Date "2014.07.07"]
[Round "8.14"]
[White "Pazderski, Ziemowit"]
[Black "Janik, Igor"]
[Result "1-0"]
[WhiteElo "2262"]
[BlackElo "2071"]
[PlyCount "55"]
[EventDate "2014.??.??"]

1. d4 Nf6 2. c4 g6 3. Nc3 Bg7 4. e4 O-O 5. Be3 d6 6. f3 e5 7. Nge2 exd4 8. Nxd4
Re8 9. Qd2 c6 10. O-O-O d5 11. cxd5 cxd5 12. exd5 Qa5 13. Bc4 a6 14. Bb3 b5 15.
d6 Bb7 16. Kb1 Nbd7 17. Rhe1 Rad8 18. Nc2 Bf8 19. Qd4 Ne5 20. Qa7 Rd7 21. Bb6
Nc6 22. Rxe8 Nxe8 23. Qxb7 Rxb7 24. Bxa5 Bxd6 25. Ne4 Nxa5 26. Nxd6 Rd7 27.
Bxf7+ Rxf7 28. Nxe8 1-0

[Event "X MIEDZYNARODOWY JUBILEUSZOWY FESTIWAL S"]
[Site "LAZY, OW "]
[Date "2014.07.07"]
[Round "8.15"]
[White "Smolka, Marcin"]
[Black "Betkowski, Andrzej"]
[Result "1/2-1/2"]
[WhiteElo "2089"]
[BlackElo "2064"]
[PlyCount "43"]
[EventDate "2014.??.??"]

1. e4 e6 2. Nf3 d5 3. e5 c5 4. b4 cxb4 5. a3 Nc6 6. axb4 Bxb4 7. c3 Bf8 8. d4
f6 9. Bd3 g6 10. h4 Bg7 11. h5 fxe5 12. dxe5 Nxe5 13. Nxe5 Bxe5 14. hxg6 h6 15.
g7 Bxg7 16. Bg6+ Kd7 17. Rh5 Ne7 18. Bf7 Qb6 19. Qg4 Bf6 20. Qf3 Bg7 21. Qg4
Bf6 22. Qf3 1/2-1/2

[Event "X MIEDZYNARODOWY JUBILEUSZOWY FESTIWAL S"]
[Site "LAZY, OW "]
[Date "2014.07.07"]
[Round "8.17"]
[White "Hilarecki, Grzegorz"]
[Black "Szostko, Jakub"]
[Result "1/2-1/2"]
[WhiteElo "2144"]
[BlackElo "2002"]
[PlyCount "84"]
[EventDate "2014.??.??"]

1. d4 d5 2. Nf3 e6 3. c3 Nf6 4. Bg5 Be7 5. e3 O-O 6. Bd3 h6 7. Bf4 c5 8. Nbd2
Qb6 9. Rb1 Nc6 10. Ne5 Nxe5 11. dxe5 Ne8 12. Qh5 Bd7 13. h4 Bb5 14. Bc2 Qa6 15.
Rh3 Bd3 16. Bxd3 Qxd3 17. e4 Qc2 18. Bxh6 dxe4 19. Rg3 e3 20. Bxe3 Rd8 21. Qd1
Qxd1+ 22. Rxd1 Bxh4 23. Rh3 Be7 24. Ke2 f6 25. f4 fxe5 26. fxe5 Rf5 27. Nf3
Rxd1 28. Kxd1 Nc7 29. c4 Rf8 30. Ke2 b5 31. cxb5 Nxb5 32. Rh1 Rd8 33. Rc1 Rd5
34. Rc4 a5 35. a4 Na7 36. Bd2 Nc6 37. Bc3 Bd8 38. Re4 Bc7 39. Ke3 Kf7 40. Rf4+
Ke7 41. Ke4 Nd4 42. Rg4 Kf7 1/2-1/2